The Ultimate Showdown of Ultimate Destiny - Lemon Demon (All Lyrics) - Statistics

General Stats
  • This quiz has been taken 240 times
    236 since last reset
  • The average score is 390 of 491
Answer Stats
Answer % Correct
a
99%
an
98%
the
98%
The
98%
And
97%
and
97%
bat
97%
Batman
96%
batman
96%
I
96%
of
95%
was
95%
be
94%
Godzilla
94%
to
94%
Who
93%
who
93%
came
92%
in
92%
out
92%
from
91%
on
91%
can
90%
is
90%
This
90%
Tokyo
90%
When
90%
blue
89%
But
89%
but
89%
one
89%
ran
89%
showdown
89%
ultimate
89%
with
89%
With
89%
as
88%
As
88%
big
88%
destiny
88%
he
88%
it
88%
It
88%
like
88%
Like
88%
around
87%
his
87%
playground
87%
city
86%
bad
85%
Good
85%
got
85%
guys
85%
hit
85%
hopping
85%
Old
85%
see
85%
suddenly
85%
Then
85%
then
85%
Chuck
84%
explosions
84%
Norris
84%
Abraham
83%
wonder
83%
Indiana
82%
Jones
82%
Lincoln
82%
only
82%
survive
82%
will
82%
eye
81%
far
81%
kick
81%
Shaq
81%
Shaquille
81%
they
81%
attack
80%
back
80%
could
80%
grenade
79%
power
79%
Python
79%
saw
79%
by
78%
Chan
78%
ever
78%
Gandalf
78%
Monty
78%
ranger
78%
began
77%
black
77%
fu
77%
holy
77%
p*ssed
77%
shade
77%
up
77%
grave
76%
knight
76%
single
76%
white
76%
batmobile
75%
burst
74%
Cowboy
74%
cowboy
74%
hat
74%
took
74%
AK-47
73%
crotch
73%
did
73%
every
73%
Into
73%
into
73%
Jackie
73%
Optimus
73%
Prime
73%
rat-a-tat-tat
73%
bones
72%
Carter
72%
open
72%
away
71%
blocked
71%
Bruce
71%
grey
71%
heavens
71%
meanie
71%
bite
70%
day
70%
expect
70%
Lo
70%
shatter
70%
Wayne
70%
which
70%
both
69%
didn't
69%
Down
69%
for
69%
grails
69%
save
69%
shot
69%
started
69%
through
69%
whip
69%
beating
68%
bullets
68%
delivered
68%
disguise
68%
Hogan
68%
Hulk
68%
under
68%
blew
67%
crime
67%
Genie
67%
O'neal
67%
Angels
66%
batcave
66%
crushed
66%
head
66%
jumped
66%
Mr
66%
Spock
66%
track
66%
a**
65%
bear
65%
changed
65%
chorus
65%
clever
65%
machete
65%
Mussolini
65%
Ock
65%
Rock
65%
thighs
65%
tire
65%
All
64%
between
64%
care
64%
Curtis
64%
descended
64%
fell
64%
ground
64%
kicked
64%
landed
64%
pain
64%
Rogers
64%
sweater
64%
Batmans
63%
before
63%
get
63%
stare
63%
air
62%
covered
62%
Doc
62%
flattened
62%
immaculate
62%
missed
62%
proceeded
62%
Superman
62%
battle
61%
him
61%
Logan
61%
Aaron
60%
behind
60%
Benito
60%
bloodiest
60%
bloodstained
60%
Darth
60%
fist
60%
gun
60%
make
60%
nowhere
60%
Robocop
60%
sang
60%
steady
60%
Terminator
60%
Theodore
60%
Vader
60%
world
60%
writhing
60%
that
59%
Captain
57%
fast
57%
just
57%
couldn't
56%
deflected
56%
find
56%
Injured
56%
McGruff
56%
Preston
56%
reached
56%
Scruff
56%
tried
56%
Cause
55%
pan
55%
popped
55%
Bill S
54%
Jambi
54%
Kirk
54%
lightning
54%
collided
53%
century
52%
stole
52%
trying
52%
vault
52%
Because
50%
better
50%
caught
50%
tripped
50%
eventually
48%
pole
48%
sneaking
48%
somersault
48%
leg
47%
rest
47%
something
47%
lives
46%
looking
46%
Many
46%
Onto
46%
were
46%
awe
45%
civilians
45%
claimed
45%
stood
44%
total
44%
raged
43%
While
42%
champion
41%
fight
40%
their
36%
No matching quizzes found
Score Distribution
Percent of People with Each Score
Percentile by Number Answered
Your Score History
You have not taken this quiz since the last reset